<?xml version="1.0" encoding="UTF-8"?>
<collection xmlns="http://www.loc.gov/MARC21/slim">
  <record>
    <leader>00000nam  2200000   4500</leader>
    <controlfield tag="001">INLIS000000000020530</controlfield>
    <controlfield tag="005">20250710093328</controlfield>
    <datafield tag="035" ind1="#" ind2="#">
      <subfield code="a">0010-0725000060</subfield>
    </datafield>
    <controlfield tag="007">ta</controlfield>
    <controlfield tag="008">250710################|##########|#|##</controlfield>
    <datafield tag="084" ind1="#" ind2="#">
      <subfield code="a">R 159 PKN II 2023</subfield>
    </datafield>
    <datafield tag="100" ind1=" " ind2="#">
      <subfield code="a">Peter Alexander Eman</subfield>
    </datafield>
    <datafield tag="245" ind1="1" ind2="#">
      <subfield code="a">Strategi Peningkatan Infrastruktur Perkotaan Yang Berkualitas Melalui Penerangan Jalan Umum di Kota Manado /</subfield>
      <subfield code="c">Peter Alexander Eman</subfield>
    </datafield>
    <datafield tag="260" ind1="#" ind2="#">
      <subfield code="a">Jakarta :</subfield>
      <subfield code="b">Pusbangkom Pimnas dan Manajerial ASN,</subfield>
      <subfield code="c">2023</subfield>
    </datafield>
    <datafield tag="300" ind1="#" ind2="#">
      <subfield code="a">111 hlm. ;</subfield>
      <subfield code="c">30 cm</subfield>
    </datafield>
    <datafield tag="650" ind1="#" ind2="4">
      <subfield code="a">Peningkatan Infrastruktur</subfield>
    </datafield>
    <datafield tag="520" ind1="#" ind2="#">
      <subfield code="a">Penerapan proyek perubahan yang dilakukan adalah untuk menjembatani antara masyarakat dan pemerintah terkait penanganan PJU agar proses penanganan PJU dapat ditangani dengan cepat dan tanggap serta sesuai prosedur yang ditetapkan. Project leader menerapkan gaya kepemimpinan strategis dalam menunjang pelaksanaan proyek perubahan.  Gaya kepemimpinan strategis adalah bagaimana bagaimana pimpinan dapat memberikan pendelegasian tugas, melakukan control dan evaluasi terhadap pekerja secara berkala, serta terbuka terhadap kritik dan saran untuk kemajuan dan keberlanjutan proyek perubahan ini.</subfield>
    </datafield>
    <datafield tag="990" ind1="#" ind2="#">
      <subfield code="a">2407159</subfield>
    </datafield>
  </record>
</collection>
